Statistics for Ace Attorney Pursuit Theme Names

Click here to take the quiz!

General Stats

  • This quiz has been taken 95 times
    (59 since last reset)
  • The average score is 6 of 11

Answer Stats

GameAnswer% Correct
Phoenix Wright: Ace AttorneyCornered
95%
Ace Attorney InvestigationsLying Coldly
81%
Trials and TribulationsCaught
73%
Justice for AllQuestioned
65%
Apollo JusticeOvertaken
59%
Ace Attorney Investigations 2Wanting to Find the Truth
59%
Professor Layton vs Phoenix WrightCasting Magic
51%
Spirit of JusticeCornering Together
51%
Dual DestiniesKeep Pressing On
49%
The Great Ace AttorneyThe Great Turnabout
24%
The Great Ace Attorney 2Resolve of Ryuusonuke
0%

Score Distribution

Percentile by Number Answered

Percent of People with Each Score

Your Score History

You have not taken this quiz since the last reset